000 00260nam a2200109Ia 4500
008 190802s9999 xx 000 0 und d
100 _aAbdul fiqoor
245 0 _akhush Rahney kay Tareekay
260 _aLahore
_bDarulshaour
_c2014
300 _a151:p
942 _cBK
999 _c2508
_d2508